Statistics for Countries with Average Wealth

Click here to take the quiz!

General Stats

  • This quiz has been taken 52 times
  • The average score is 4 of 10

Answer Stats

HintAnswer% Correct
92Serbia
61%
93Belarus
57%
94Iran
53%
95North Macedonia
49%
98Bosnia and Herzegovina
49%
101Iraq
47%
96Fiji
31%
97Namibia
27%
100Belize
27%
99Jamaica
22%

Score Distribution

Percentile by Number Answered

Percent of People with Each Score

Your Score History

You have not taken this quiz